Pravdepodobnostný model oceňovania bezdividendových akcií
Saved in:
| Main Author: | |
|---|---|
| Other Authors: | |
| Format: | Manuscript Book |
| Language: | Slovak |
| Published: |
Bratislava :
STU v Bratislave FEI,
2025
|
| Subjects: | |
| Online Access: | https://opac.crzp.sk/?fn=detailBiblioFormChildIB8R90&sid=BA75C2D62745AD5727EC929ED92F&seo=CRZP-detail-kniha |
| Tags: |
No Tags, Be the first to tag this record!
|
MARC
| LEADER | 00000ntm a22000003a 4500 | ||
|---|---|---|---|
| 001 | stuzp101497 | ||
| 003 | SK-STU | ||
| 005 | 20260127152140.6 | ||
| 007 | ta | ||
| 008 | 150427s2015----xo-----f-mn---000-0-slo-d | ||
| 040 | |a STU |b slo | ||
| 041 | 0 | |a slo | |
| 044 | |a xo | ||
| 100 | 1 | |a Škvarka, Michal |u 035000 |4 aut |U FEI Fakulta elektrotechniky a informatiky |T FEI Ústav informatiky a matematiky |X 120486 |U E050 |Y 816 |7 120486 | |
| 242 | 0 | 1 | |a Probabilistic model of non-dividend stock pricing |y eng |
| 245 | 1 | 0 | |a Pravdepodobnostný model oceňovania bezdividendových akcií |
| 260 | |a Bratislava : |b STU v Bratislave FEI, |c 2025 | ||
| 300 | |a 92 s. | ||
| 650 | 4 | |a optimalizácia portfólia |2 slo | |
| 650 | 4 | |a metódy vnútorného bodu |2 slo | |
| 650 | 4 | |a lineárne programovanie |2 slo | |
| 650 | 4 | |a arbitráž |2 slo | |
| 650 | 4 | |a portfolio optimization |2 eng | |
| 650 | 4 | |a nterior point methods |2 eng | |
| 650 | 4 | |a linear programming |2 eng | |
| 650 | 4 | |a arbitrage |2 eng | |
| 700 | 1 | |a Zákopčan, Michal |u 035000 |k Z1 |4 ths |U FEI Fakulta elektrotechniky a informatiky |T FEI Ústav informatiky a matematiky |X 71655 |U E050 |Y 816 |7 A000071655 | |
| 856 | 4 | |u https://opac.crzp.sk/?fn=detailBiblioFormChildIB8R90&sid=BA75C2D62745AD5727EC929ED92F&seo=CRZP-detail-kniha | |